000 00759nam 22002413 4500
001 199915
010 _a972-31-0945-X
021 _aPT
_b176 508/02
090 _a199915
100 _a20260114d u||y0pory50 ba
200 _aMecânica dos fluidos
_fB. S. Massey
_gtradução J. R. Guedes de Carvalho
210 _aLisboa
_cFundação Calouste Gulbenkian
_d2002
215 _a998, [1] p.
_cil. ; brochado
_d23 cm
225 _aManuais universitários
606 _912746
_aFísica
610 _aMecânica dos fluídos em geral
610 _aMecânica dos líquidos (hidromecânica)
675 _a532
_vPT
_zpor
700 _915738
_aMassey
_bB. S.
702 _915739
_aCarvalho
_bJoão R. Guedes de
801 _aPT
_bBMMN
_gRPC
830 _cAna
_fAna
990 _cLIVROS